| 000 | 01426namaa22003491 4500 | ||
|---|---|---|---|
| 001 | 174075 | ||
| 003 | ES-MaACL | ||
| 005 | 20260211101251.0 | ||
| 008 | 100212s1938 cu |||| | spa d | ||
| 080 | _a32(729.1)"1810/99" | ||
| 080 | _a327(729.1:460)"18" | ||
| 080 | _a327(460:729.1)"18" | ||
| 100 | 1 |
_aMontoro, Rafael, _d1852-1933 _982692 |
|
| 245 | 1 | 0 |
_aIdeario autonomista / _cRafael Montoro. |
| 260 |
_aLa Habana : _bSecretaría de Educación, Dirección de Cultura, _c1938. |
||
| 300 |
_a159 p. ; _c19 cm. |
||
| 490 | 1 |
_aCuadernos de cultura. Cuarta serie ; _v3 |
|
| 504 | _aReferencias bibliográficas. | ||
| 505 | 8 | _aContiene: Montoro y la generación del autonomismo / por el Dr. José Mª Chacón y Calvo . Una carta del Dr. Antonio de Bustamante y Montoro | |
| 530 | _aDisponible en formato digital. | ||
| 651 | 4 |
_aCuba- _xPolítica y gobierno- _y1810-1899. _9172948 |
|
| 651 | 4 |
_aCuba- _xRelaciones- _zEspaña. _9162519 |
|
| 651 | 4 |
_aEspaña- _xRelaciones- _zCuba. _98460 |
|
| 700 | 0 |
_aChacón y Calvo, José María, _d1893-1969 _937770 |
|
| 700 | 1 |
_aBustamante y Montoro, Antonio de. _932881 |
|
| 710 | 1 |
_aCuba. _bDirección General de Cultura. _9146958 |
|
| 830 | 1 |
_aCuadernos de cultura _v3 _9181245 |
|
| 852 |
_aES-MaACL _jC-57146 _cDEPO2 |
||
| 856 | 4 |
_uhttp://bdh-rd.bne.es/viewer.vm?id=0000202254&page=1 _yBiblioteca Digital Hispánica |
|
| 942 | _2udc | ||
| 999 |
_c174075 _d174075 |
||